Ricky Gervais Filmography - Statistics

General Stats
  • This quiz has been taken 209 times
    29 since last reset
  • The average score is 27 of 103
Answer Stats
Type Year Name % Correct
TV Show 2001-2003 The Office
90%
TV Show 2011 The Office
90%
Web Series 2019-2022 After Life
80%
TV Show 2005-2007 Extras
80%
Award Show 2010 67th Golden Globe Awards
70%
Award Show 2011 68th Golden Globe Awards
70%
Award Show 2012 69th Golden Globe Awards
70%
Award Show 2016 73rd Golden Globe Awards
70%
Film 2006 Night at the Museum
70%
TV Show 2012-2014 Derek
65%
Stand-Up Special 2018 Ricky Gervais: Humanity
65%
Stand-Up Special 2003 Ricky Gervais Live: Animals
65%
Film 2016 David Brent: Life on the Road
60%
TV Show 2011, 2013 Life's Too Short
60%
Video Game 2009 Night at the Museum: Battle of the Smithsonian
60%
Podcast 2005-2008 The Ricky Gervais Show
60%
TV Show 2010-2012 The Ricky Gervais Show
60%
Film 2009 The Invention of Lying
55%
Stand-Up Special 2023 Ricky Gervais: Armageddon
50%
Stand-Up Special 2004 Ricky Gervais Live 2: Politics
50%
Stand-Up Special 2022 Ricky Gervais: SuperNature
50%
TV Show 1999, 2007 Comedy Lab
45%
Film 2009 Night at the Museum: Battle of the Smithsonian
45%
Stand-Up Special 2007 Ricky Gervais 3: Fame
45%
Stand-Up Special 2010 Ricky Gervais Live 4: Science
45%
Stand-Up Special 2008 Ricky Gervais: Out of England - The Stand-Up Special
45%
TV Show 2006, 2011 The Simpsons
45%
Documentary Series 2010-2012 An Idiot Abroad
40%
TV Show 2011 Curb Your Enthusiasm
40%
TV Show 2012 Family Guy
40%
TV Show 1999-2000 The 11 O'Clock Show
40%
Film 2008 Ghost Town
35%
Video Game 2008 Grand Theft Auto IV
35%
Film 2014 Night at the Museum: Secret of the Tomb
35%
Stand-Up Special TBA Ricky Gervais: Mortality
35%
Stand-Up Special 2010 Ricky Gervais: Out of England 2 - The Stand-Up Special
35%
TV Show 2000 Meet Ricky Gervais
30%
Film 2014 Muppets Most Wanted
30%
Film 2016 Special Correspondents
30%
Film 2007 Stardust
30%
Film 2011 The Muppets
30%
Award Show 2020 77th Golden Globe Awards
25%
Film 2010 Cemetery Junction
25%
Film 2022 Paws of Fury: The Legend of Hank
25%
TV Special 2006 Ricky Gervais Meets... Larry David
25%
Podcast 2008-2011 The Ricky Gervais Guide to...
25%
TV Show 2004 Alias
20%
Web Series 2015 BoJack Horseman
20%
TV Show 2015 Galavant
20%
TV Show 2010 Louie
20%
TV Special 2006 Ricky Gervais Meets... Garry Shandling
20%
TV Show 2008 Saturday Night Live
20%
TV Show 2001 Spaced
20%
TV Show 2018 Child Support
15%
Film 2001 Dog Eat Dog
15%
Film 2025 Dog Man
15%
Film 2013 Escape from Planet Earth
15%
Film 2006 For Your Consideration
15%
Short Film 2021 Save Ralph
15%
TV Show 2019 Scooby-Doo and Guess Who?
15%
TV Show 2009, 2012 Sesame Street
15%
TV Show 2009 SpongeBob SquarePants
15%
Film 2011 Spy Kids: All the Time in the World
15%
TV Show 1999 The Jim Tavaré Show
15%
Film 2015 The Little Prince
15%
Film 2020 The Willoughbys
15%
Film 2005 Valiant
15%
TV Show 2003 Happiness
10%
TV Short 2012 Learn English with Ricky Gervais
10%
Music Video 2016 Life on the Road
10%
TV Short 2002 Robbie the Reindeer in Legend of the Lost Tribe
10%
Video Game 2006 Scarface: The World Is Yours
10%
Short Film 2013 The Return of Brent
10%
Commercial 2014 Audi A3
5%
Web Series 2012, 2019 Comedians in Cars Getting Coffee
5%
Music Video 2013 Equality Street
5%
Web Series 2023 German Genius
5%
Music Video 2016 Lady Gypsy
5%
Podcast 2021 Absolutely Mental
0%
TV Documentary 2004 Alias Ricky Gervais
0%
Short Film 2001 Can You Spare a Moment?
0%
TV Show 1999 Comedy Café
0%
Short Film 2015 Doctor Zapp's Seven Trips
0%
TV Show 2022 Fables
0%
TV Show 2003, 2006 Imagine
0%
TV Show 2007, 2008 Kathy Griffin: My Life on the D-List
0%
Web Series 2013 Learn Guitar with David Brent
0%
TV Show 2016 Michael McIntyre's Big Show
0%
Commercial 2014 Netflix
0%
Short Film 2009 Prequel: The Dawn of Lying
0%
TV Special 2006 Ricky Gervais Meets... Christopher Guest
0%
Podcast 2022-Present Ricky Steve & Karl Devotee
0%
TV Show 2010, 2011 The Marriage Ref
0%
Short Film 2009 The Office Opera
0%
TV Documentary 2013 The Office Retrospective
0%
Short Film 2004 The Office Values: Microsoft UK Training with David Brent
0%
Web Series 2006-2007 The Ricky Gervais Show: Video Podcasts
0%
Short TV Documentary 2010 The Simpsons: Access All Areas
0%
Short TV Documentary 2010 The Simpsons: Celebrity Friends
0%
Short TV Documentary 2010 The Simpsons: Mischief & Mayhem
0%
Documentary 2013 The Unbelievers
0%
Film TBA The Wind in the Willows
0%
Commercial 2016 Verizon
0%
No matching quizzes found
Score Distribution
Percent of People with Each Score
Percentile by Number Answered
Your Score History
You have not taken this quiz since the last reset